Afrikaans Words: Basic Words #1 - Statistics

General Stats
  • This quiz has been taken 28 times
  • The average score is 12 of 27
Answer Stats
English Word Afrikaans Word % Correct
Hello Hallo
92%
English Engels
71%
What is your name Wat is jou naam
71%
To speak Praat
67%
To sit Sit
67%
To understand Verstaan
67%
Goodbye Totsiens
63%
Here Hier
58%
Hotel Hotel
58%
Taxi Taxi
58%
Telephone Telefoon
54%
Entrance Ingang
50%
Map Kaart
50%
Exit Uitgang
50%
To help Help
46%
Right (as in direction) Regs
38%
Spanish Spaans
38%
To close Toemaak
38%
To open Oopmaak
33%
To repeat Herhaal
25%
Lift/elevator Hysbak
25%
Ticket Kaartjie
25%
Computer Rekenaar
25%
I am pleased to meet you Aangename kennis
17%
Lost Verdwaal
17%
To pass Verbygaan
8%
You are welcome Dit is 'n plesier
4%
No matching quizzes found
Score Distribution
Percent of People with Each Score
Percentile by Number Answered
Your Score History
You have not taken this quiz